000 00774nam a22001817a 4500
005 20250421154250.0
010 _aHIN-129663
020 _c300.00
_a9789380628875
035 _aHN-102009
037 _bDBAD
082 _a425
_21
100 _aशर्मा, सुनीति
_980743
245 _aआयेन्द्र शर्मा का हिंदी व्याकरण /
_cसुनीति शर्मा
260 _aदिल्ली
_bजनवाणी प्रकाशन प्रा. लि.
_c2020
270 _a30/ 35-36, गली नं. 9, विश्वास नगर
_bदिल्ली
_e110032
300 _a104 पृ.
_c22 से.मी. (सजिल्द)
942 _2ddc
_cHN
_h425
_mशर्मासु
999 _c211018
_d211018